000 004740000a22001810004500
003 LK-CoMWRAF
005 20240701173702.0
008 230817t ||||| |||| 00| 0 eng d
040 _aLK-CoMWRAF
_dLK-CoMWRAF
_eLK-CoMWRAF
041 _aeng
082 _a361.74
_bSAT
100 _aSattar, Edhi Abdul
245 _aBreaking the silence
260 _aIslamabad :
_bNational Bureau of Publications
300 _a133 p.
650 _aPHILANTHROPISTS-Pakistan
942 _cBK
999 _c1292
_d1292